00592nam a2200205 a 4500001001300000003000900013005001700022008004100039020002600080082001500106100002000121245007700141260003500218300000900253500003500262505001000297650002900307650003000336700002000366nice12345678IN_TiNIC20260116013129.0050524s1977 newa grp 000 0 eng  a0809167 c438.5500a261.7bHAU aHaughey, John C aFaith That Does Justiceb Examining the Christian Sources for Social Cha aNew YorkbPaulist Press c1977 a295p aincludes index and biblioraphy2 aIndex aChristianity and Justice aChristianity and Politics1 aHaughey, John C